Multivariate Time Series Analysis in Climate and Environmental Research

This book offers comprehensive information on the theory, models and algorithms involved in state-of-the-art multivariate time series analysis and highlights several of the latest research advances in climate and environmental science. The main topics addressed include Multivariate Time-Frequency An...

Full description

Bibliographic Details
Main Author: Zhang, Zhihua (Author, http://id.loc.gov/vocabulary/relators/aut)
Corporate Author: SpringerLink (Online service)
Format: Electronic eBook
Language:English
Published: Cham : Springer International Publishing : Imprint: Springer, 2018.
Edition:1st ed. 2018.
Subjects:
Online Access:Full Text via HEAL-Link
LEADER 03554nam a2200529 4500
001 978-3-319-67340-0
003 DE-He213
005 20191028224243.0
007 cr nn 008mamaa
008 171110s2018 gw | s |||| 0|eng d
020 |a 9783319673400  |9 978-3-319-67340-0 
024 7 |a 10.1007/978-3-319-67340-0  |2 doi 
040 |d GrThAP 
050 4 |a QC902.8-903.2 
072 7 |a RNPG  |2 bicssc 
072 7 |a SCI026000  |2 bisacsh 
072 7 |a RNPG  |2 thema 
082 0 4 |a 577.27  |2 23 
100 1 |a Zhang, Zhihua.  |e author.  |4 aut  |4 http://id.loc.gov/vocabulary/relators/aut 
245 1 0 |a Multivariate Time Series Analysis in Climate and Environmental Research  |h [electronic resource] /  |c by Zhihua Zhang. 
250 |a 1st ed. 2018. 
264 1 |a Cham :  |b Springer International Publishing :  |b Imprint: Springer,  |c 2018. 
300 |a XII, 287 p. 7 illus., 3 illus. in color.  |b online resource. 
336 |a text  |b txt  |2 rdacontent 
337 |a computer  |b c  |2 rdamedia 
338 |a online resource  |b cr  |2 rdacarrier 
347 |a text file  |b PDF  |2 rda 
505 0 |a Multivariate Harmonic Analysis -- Multivariate Wavelets and Framelits -- Artificial Neural Networks -- Stochastic Modeling and Optimization -- Spectral Analysis -- Global Climate Change -- Regional Climate Change -- Ecosystem and Carbon Cycle -- Paleoclimate -- Strategies for climate change mitigation. 
520 |a This book offers comprehensive information on the theory, models and algorithms involved in state-of-the-art multivariate time series analysis and highlights several of the latest research advances in climate and environmental science. The main topics addressed include Multivariate Time-Frequency Analysis, Artificial Neural Networks, Stochastic Modeling and Optimization, Spectral Analysis, Global Climate Change, Regional Climate Change, Ecosystem and Carbon Cycle, Paleoclimate, and Strategies for Climate Change Mitigation. The self-contained guide will be of great value to researchers and advanced students from a wide range of disciplines: those from Meteorology, Climatology, Oceanography, the Earth Sciences and Environmental Science will be introduced to various advanced tools for analyzing multivariate data, greatly facilitating their research, while those from Applied Mathematics, Statistics, Physics, and the Computer Sciences will learn how to use these multivariate time series analysis tools to approach climate and environmental topics.  . 
650 0 |a Climate change. 
650 0 |a Physical geography. 
650 0 |a Oceanography. 
650 0 |a Ecology . 
650 0 |a Statistics . 
650 1 4 |a Climate Change.  |0 http://scigraph.springernature.com/things/product-market-codes/U12007 
650 2 4 |a Physical Geography.  |0 http://scigraph.springernature.com/things/product-market-codes/J16000 
650 2 4 |a Oceanography.  |0 http://scigraph.springernature.com/things/product-market-codes/G25005 
650 2 4 |a Ecology.  |0 http://scigraph.springernature.com/things/product-market-codes/L19007 
650 2 4 |a Statistics for Engineering, Physics, Computer Science, Chemistry and Earth Sciences.  |0 http://scigraph.springernature.com/things/product-market-codes/S17020 
710 2 |a SpringerLink (Online service) 
773 0 |t Springer eBooks 
776 0 8 |i Printed edition:  |z 9783319673394 
776 0 8 |i Printed edition:  |z 9783319673417 
776 0 8 |i Printed edition:  |z 9783319884158 
856 4 0 |u https://doi.org/10.1007/978-3-319-67340-0  |z Full Text via HEAL-Link 
912 |a ZDB-2-EES 
950 |a Earth and Environmental Science (Springer-11646)